Statistics for Top 100 Biggest Cities in Countries that Start with C

Click here to take the quiz!

General Stats

  • This quiz has been taken 210 times
  • The average score is 47 of 100

Answers on the Map

Answers color-coded by a green-red scale on the quiz's map according to % correct below.
 

Answer Stats

ContinentCountryCityPopulation% Correct
EuropeCzech RepublicPrague1,324,277
98%
EuropeCroatiaZagreb688,163
98%
AsiaChinaBeijing18,431,000
97%
South AmericaColombiaBogotá7,715,800
97%
South AmericaChileSantiago6,160,040
97%
North AmericaCubaSantiago de Cuba433,406
97%
AsiaChinaShanghai20,850,000
97%
North AmericaCanadaToronto5,429,524
97%
North AmericaCanadaVancouver2,264,823
97%
North AmericaCubaHavana2,132,394
95%
North AmericaCanadaMontreal3,519,595
95%
AsiaChinaHong Kong7,507,400
94%
AsiaChinaGuangzhou10,641,408
91%
North AmericaCosta RicaSan José1,453,500
91%
North AmericaCanadaOttawa989,567
90%
AsiaChinaWuhan7,541,527
90%
North AmericaCanadaQuebec City705,103
89%
North AmericaCanadaEdmonton1,062,643
88%
South AmericaColombiaMedellín2,490,200
88%
AsiaChinaXi'an5,403,052
88%
North AmericaCanadaCalgary1,237,656
87%
EuropeCroatiaSplit167,121
84%
AsiaChinaTianjin9,583,277
84%
AfricaCameroonYaoundé2,765,600
83%
AfricaChadNdjamena951,418
82%
South AmericaColombiaCali2,205,700
80%
North AmericaCanadaWinnipeg711,925
80%
AsiaChinaChongqing7,919,600
78%
AfricaCentral African RepublicBangui622,771
76%
EuropeCzech RepublicBrno381,346
76%
AsiaChinaChengdu8,901,100
76%
AsiaChinaShenzhen10,358,381
76%
North AmericaCanadaHalifax316,701
74%
AfricaCameroonDouala2,768,400
71%
AsiaChinaNanjing5,827,888
69%
AsiaChinaHarbin4,596,313
68%
South AmericaColombiaBarranquilla1,273,600
67%
AfricaCape VerdePraia127,832
66%
AsiaChinaHangzhou5,849,537
65%
AsiaChinaShenyang5,718,232
61%
AsiaChinaQingdao4,556,077
60%
North AmericaCanadaVictoria335,696
60%
South AmericaChileValparaíso901,468
57%
North AmericaCanadaLondon383,437
56%
North AmericaCanadaHamilton693,645
55%
South AmericaColombiaCartagena914,600
52%
AsiaChinaChangsha4,015,700
49%
EuropeCzech RepublicOstrava287,968
49%
EuropeCzech RepublicPilsen174,842
49%
AsiaChinaZhengzhou4,459,300
49%
AsiaChinaDongguan7,271,322
40%
EuropeCroatiaRijeka128,384
40%
AsiaChinaSuzhou4,083,923
35%
EuropeCroatiaZadar71,471
35%
South AmericaChileConcepción722,929
32%
AsiaChinaFoshan6,771,895
32%
North AmericaCanadaKitchener470,015
28%
EuropeCroatiaPula57,460
28%
South AmericaColombiaBucaramanga597,300
26%
EuropeCzech RepublicLiberec104,802
25%
EuropeCroatiaOsijek84,104
25%
EuropeCzech RepublicOlomouc100,663
23%
North AmericaCubaCamagüey310,182
21%
South AmericaColombiaCúcuta748,900
16%
North AmericaCubaHolguín299,498
16%
North AmericaCanadaOshawa308,875
16%
EuropeCzech RepublicÚstí nad Labem92,716
16%
EuropeCzech RepublicČeské Budějovice94,463
15%
AfricaCameroonGaroua235,996
15%
South AmericaColombiaSanta Marta484,000
15%
EuropeCzech RepublicZlín74,935
15%
AfricaCameroonBamenda269,530
14%
AfricaCameroonMaroua201,371
13%
South AmericaChileLa Serena401,938
12%
EuropeCzech RepublicMost66,034
12%
EuropeCzech RepublicPardubice91,727
12%
AfricaCameroonBafoussam239,287
11%
AfricaCentral African RepublicBimbo124,176
11%
EuropeCzech RepublicHradec Králové92,939
11%
South AmericaColombiaIbagué502,000
11%
AfricaChadMoundou137,251
11%
South AmericaColombiaPereira399,300
11%
AfricaChadAbéché97,963
10%
AfricaChadSarh97,224
10%
AfricaCameroonBertoua88,462
9%
AfricaCameroonNgaoundéré152,698
9%
South AmericaColombiaSoledad664,100
9%
South AmericaColombiaValledupar468,200
9%
EuropeCzech RepublicKladno69,337
8%
South AmericaColombiaManizales420,900
8%
South AmericaColombiaBello536,400
7%
EuropeCzech RepublicHavířov71,200
7%
North AmericaCosta RicaHeredia367,900
7%
AfricaCameroonKumba144,268
7%
South AmericaColombiaSoacha749,000
7%
South AmericaColombiaVillavicencio502,000
7%
AfricaCameroonBuéa90,090
6%
AfricaCameroonKousséri89,123
6%
AfricaCameroonLimbé84,223
6%
AfricaCameroonNkongsamba104,050
5%

Score Distribution

Percentile by Number Answered

Percent of People with Each Score

Your Score History

You have not taken this quiz